000 01183nam a2200361 i 4500
001 1152
003 KOSZ 005
005 20200624113906.0
008 990506s1984 pl a f f |000 0 pol
015 _aPB 1984/9415
020 _a8309008279
035 _a(OCoLC)750943752
040 _aWA N
_cWA N
_dKOSZ 005/EC
041 0 _apol
046 _k1979
080 _a528
080 _a(075.8)
100 1 _aRogowski, Jerzy Bolesław.
_eAutor
245 1 0 _aGeodezja :
_bpodręcznik dla studentów akademii rolniczych /
_cJerzy Rogowski, Zygmunt Wołłodko.
250 _aWyd. 2.
260 _aWarszawa :
_bPańst. Wydaw. Rolnicze i Leśne,
_c1984
_e(Biel[Biała] :
_fZG).
300 _a463, [1] s. :
_bfot., rys., wykr. ;
_c25 cm.
380 _aKsiążki.
388 _a1901-2000
388 _a1945-1989
504 _aBibliogr. s. 464.
650 4 _aGeodezja
655 4 _aPodręczniki akademickie
700 1 _aWołłodko, Zygmunt.
_eAutor
710 2 _aPaństwowe Wydawnictwo Rolnicze i Leśne
_4pbl.
856 _uhttp://koha.tu.koszalin.pl/cgi-bin/koha/opac-detail.pl?biblionumber=1152
_yKatalog online BPK
942 _2UKD
_cKS
999 _c1152
_d1152